Estudio sobre el edictum de adtemptata pudicitia
Saved in:
| Hovedforfatter: | |
|---|---|
| Format: | Bog |
| Sprog: | spansk |
| Udgivet: |
Valencia
Tirant lo Blanch
1999
|
| Fag: | |
| Tags: |
Tilføj Tag
Ingen Tags, Vær først til at tagge denne postø!
|
MARC
| LEADER | 00000nam a2200000 a 4500 | ||
|---|---|---|---|
| 001 | UCN8768 | ||
| 003 | CL-VaPUC | ||
| 008 | 011116e19990000SP |||||||||||||||||spa|d | ||
| 082 | 0 | 4 | |a 340.54 |b LAP |2 21 |
| 100 | 0 | |a Lapuerta Montoya, Dora de |e author |9 465234 | |
| 245 | 1 | 0 | |a Estudio sobre el edictum de adtemptata pudicitia |
| 300 | |a 197 p | ||
| 942 | |c BK | ||
| 945 | |d 20011116 00:00:00 |a crobeson | ||
| 260 | |a Valencia |b Tirant lo Blanch |c 1999 | ||
| 650 | 0 | |a Derecho romano |9 255930 | |
| 650 | 7 | |a EDICTOS |2 CL-VaPUC |9 398305 | |
| 650 | 7 | |a DELITO DE INJURIAS |2 CL-VaPUC |9 465235 | |
| 583 | |a last modification |c 20011116 00:00:00 |k Rodrigo Vera | ||
| 999 | |c 298520 |d 298518 | ||
| 952 | |0 0 |1 0 |4 0 |6 340_540000000000000_LAP_1999 |7 0 |8 A |9 354140 |a BIBDER |b BIBDER |d 2019-11-21 |i 3728358 |o 340.54 LAP 1999 |p 3728358 |r 2019-11-21 |w 2019-11-21 |y BK |k DER | ||
| 952 | |0 0 |1 0 |4 0 |6 340_540000000000000_LAP_1999 |7 0 |8 A |9 354141 |a BIBDER |b BIBDER |d 2019-11-21 |i 3789543 |o 340.54 LAP 1999 |p 3789543 |r 2023-01-25 |w 2019-11-21 |y BK |k DER | ||